Didaktický test zo slovenského jazyka a slohu [6. roč. ZDŠ] : forma B

Bibliographic Details
Main Author: Betáková, Valéria, 1920-1990 (Author)
Format: Book
Language:Slovak
PhysicalDescription:10 s. 4°
Published: Bratislava Psychodiagnostické a didaktické testy 1972

MARC

LEADER 00000nam a2200000 a 4500
001 vtls001273987
003 SK-MaSNL
005 20260301234659.0
008 240318s1972 xo 0 slo
035 |a SNK000225162 
040 |a SNK  |b slo  |c SNK  |e AACR2 
044 |a xo  |c SK 
100 1 |a Betáková, Valéria,  |d 1920-1990  |4 aut  |9 107285 
245 1 0 |a Didaktický test zo slovenského jazyka a slohu  |b [6. roč. ZDŠ] : forma B  |c Valéria Betáková 
260 |a Bratislava  |b Psychodiagnostické a didaktické testy  |c 1972 
300 |a 10 s.  |c 4° 
958 |a OND 
999 |c 971321  |d 973251 
952 |t P60, <03>, [BOOK], {603}  |a SNK  |b SNK  |y PREZ  |7 0  |o snkOSB 2773/B  |i snkKSP 6934/73  |0 0  |1 0  |4 0  |d 1997-01-30  |l 0  |r 2005-01-02 00:00:00  |w 2026-02-24 
952 |t P60, <04>, [BOOK], {604}  |a SNK  |b SNK  |y VYP  |7 0  |o snkOSB 2773/B D1  |i snkKSP 6935/73  |0 0  |1 0  |4 0  |d 1997-01-30  |l 0  |r 2005-01-02 00:00:00  |w 2026-02-24